000 01072nam a2200313 4500
003 EG-GICUC
005 20260126163240.0
008 260126s1960 fr ||||fr|||| 001 0 fre d
040 _aEG-GiCUC
_bfre
_cEG-GiCUC
_dEG-GiCUC
_eRda
041 _afre
082 0 4 _221
_a341.84
_bRO . D
092 0 4 _221
099 _aLaw1 12 341.84 RO . D 2 ed - 1960
100 1 _aRoubier, Paul
_eAuteur
245 1 3 _aLe Droit Transitoire :
_b(Conflits Des Lois Dans Le Temps) /
_cPar Paul Roubier.
250 _a2. Edition.
264 1 _aParis :
_bDalloz Et Sirey,
_c1960.
300 _a590 page,
_c 24 cm.
336 _2rda contenu
_a texte
337 _2rda medias
_aOrdinateur
338 _2 transporteur rda
_a Ressource en ligne
500 _aOuvrage Publié Avec Le Concours Du Centre National De La Recherche Scientifique
504 _aComprend des références bibliographiques.
546 _aTexte en français
650 1 _aDroit international privé
856 4 0 _uhttps://fll.law.cu.edu.eg/fulltext/bks/B12-02222.pdf
905 _a48
942 _2ddc
_n0
_cBK
_e21
999 _c59491
_d59491